Tutti gli Stati che hanno controllato Ragusa/Dubrovnik - Statistics

Statistiche generali
  • Questo quiz è stato fatto 11 volte
  • Il punteggio medio è 11 su 16
Statistiche sulle risposte
con Immagini Hint Risposta % Corretto
~620 - 1076 Impero Bizantino
90%
1806 - 1808 Primo Impero Francese
90%
1809 - 1814 Primo Impero Francese
90%
1358 - 1806 Repubblica di Ragusa
90%
1240 - 1358 Serenissima Repubblica di Venezia
90%
1814 - 1867 Impero Austriaco
80%
1867 - 1918 Impero Austro-Ungarico
80%
1991 - Oggi Repubblica Croata
80%
1945 - 1991 Repubblica Socialista Federale di Jugoslavia
80%
1918 - 1929 Regno dei Serbi, Croati e Sloveni
70%
1929 - 1941 Regno di Jugoslavia
70%
1808 - 1809 Regno Francese d'Italia
50%
1918 Stato dei Serbi, Croati, Sloveni
40%
1941 - 1945 Stato di Croazia
40%
1180 - 1240 Gran Principato di Rascia
10%
1076 - 1180 Principato di Doclea
10%
Nessun quiz corrispondente trovato
Distribuzione punteggi
Percentuale di utenti per punteggio
Percentile per numero di risposta
I tuoi punteggi nel tempo
Non hai fatto questo quiz